BEZPEČNOSTNÉ POŽIADAVKY NA PLAMEŇOVÉ ZVÁRANIE A REZANIE KOVOV (2. ČASŤ)

Podrobná bibliografia
Hlavný autor: Mikula, Jozef (Autor)
Médium: Článok
Jazyk:slovenčina

MARC

LEADER 00000nab a2200000uu 4500
001 vtls010908479
003 SK-MaSNL
005 20260303105812.0
008 230121|2005 xo |||||||||||||||||slo|
015 |a SNBRB 
035 |a (urnnbn)urn:nbn:sk:snk:ar-a07yqk 
035 |a (uuid)a76189f9-449f-4d32-9e7b-727937306636 
035 |a urn:nbn:sk:snk-ab8yd0 
040 |a SNKBUCL  |b slo  |c SNKBUCL  |e AACR2 
041 0 |a slo 
044 |a xo  |c SK 
100 1 |a Mikula, Jozef  |4 aut  |9 366778 
245 1 0 |a BEZPEČNOSTNÉ POŽIADAVKY NA PLAMEŇOVÉ ZVÁRANIE A REZANIE KOVOV (2. ČASŤ)  |c Jozef Mikula 
773 0 |t Bezpečnosť práce : odborný časopis pre problematiku bezpečnosti a ochrany zdravia pri práci  |g Roč. 5, č. 9 (2005), s. 28-32 
954 |a odborná, vedecká literatúra pôvodná (slovenská)  |2 lita 
958 |a OND 
958 |a EUIPO 
958 |a article10 
999 |c 1865547  |d 1867477